UEFA Champions League: 40+ Goals (2000-) - Statistics

General Stats
  • This quiz has been taken 28 times
  • The average score is 16 of 17
Answer Stats
Ranking Player Positions Nationality Matches Goals (assists) Periods Clubs % Correct
1 Cristiano Ronaldo MF, FW 183 140 (45) 2003-2022
100%
8 Erling Haaland FW 48 49 (5) 2019-2025
100%
6 Kylian Mbappé MF, FW 87 55 (24) 2016-2025
100%
2 Lionel Messi MF, FW 163 129 (41) 2004-2023
100%
3 Robert Lewandowski FW 133 105 (21) 2011-2025
100%
5 Thomas Müller MF, FW 163 57 (28) 2008-2025
100%
9 Zlatan Ibrahimović FW 124 48 (25) 2002-2015, 2017-2018, 2021-2022
100%
4 Karim Benzema FW 152 90 (28) 2005-2023
96%
11 Mohamed Salah MF, FW 88 47 (17) 2013-2015, 2017-2022, 2024-2025
96%
13 Neymar MF, FW 81 43 (33) 2013-2023
96%
15 Thierry Henry FW 95 42 (20) 2000-2009, 2011-2012
96%
12 Didier Drogba FW 93 44 (13) 2003-2015
92%
17 Harry Kane FW 57 40 (11) 2016-2019, 2022-2025
92%
14 Antoine Griezmann MF, FW 105 42 (15) 2013-2025
88%
7 Raúl FW 97 50 (19) 2000-2011
85%
16 Sergio Agüero FW 79 41 (9) 2008-2009, 2011-2022
85%
10 Ruud van Nistelrooy FW 63 48 (17) 2001-2010
73%
No matching quizzes found
Score Distribution
Percent of People with Each Score
Percentile by Number Answered
Your Score History
You have not taken this quiz